[Event "CAN-ch University"]
[Site "London"]
[Date "2017.01.14"]
[Round "1"]
[White "Marin, Sam"]
[Black "Caen, Andy"]
[Result "0-1"]
[WhiteElo "2155"]
[BlackElo "2113"]
[PlyCount "74"]
[EventDate "2017.01.14"]
[EventType "swiss"]
[EventRounds "5"]
[EventCountry "CAN"]
[SourceTitle "EXT 2022"]
[Source "ChessBase"]
[SourceDate "2021.10.06"]
[SourceVersion "1"]
[SourceVersionDate "2021.10.06"]
[SourceQuality "1"]

1. e4 e6 2. d4 d5 3. e5 c5 4. c3 Nc6 5. Nf3 cxd4 6. cxd4 f6 7. exf6 Nxf6 8. Nc3 a6 9. Bd3 Bd6 10. 0-0 0-0 11. Bg5 Qb6 12. a3 Kh8 13. Bc2 Qc7 14. Qd3 Bf4 15. Rae1 Nd8 16. g3 Bxg5 17. Nxg5 g6 18. f4 b5 19. b4 Bb7 20. Nxe6 Nxe6 21. Rxe6 Rac8 22. Re3 Ne4 23. Rff3 Qb6 24. Ne2 Rc7 25. Bb3 Rfc8 26. Rf1 a5 27. f5 a4 28. Bd1 Rc3 29. Nxc3 Rxc3 30. Qxc3 Nxc3 31. Re8+ Kg7 32. f6+ Kf7 33. Re7+ Kf8 34. f7 Bc6 35. Bc2 Qxd4+ 36. Kg2 Qd2+ 37. Kh3 d4 0-1